| 000 -LEADER |
| fixed length control field |
00904cam a2200217Ia 4500 |
| 020 ## - INTERNATIONAL STANDARD BOOK NUMBER |
| ISBN |
0812968379 |
| 020 ## - INTERNATIONAL STANDARD BOOK NUMBER |
| ISBN |
9780812968378 |
| 040 ## - CATALOGING SOURCE |
| Transcribing agency |
ORK |
| 082 04 - DEWEY DECIMAL CLASSIFICATION NUMBER |
| Classification number |
979 RAN 2004 A116 Or. |
| 100 1# - MAIN ENTRY--AUTHOR NAME |
| Personal name |
Dumas, Firoozeh. |
| 245 10 - TITLE STATEMENT |
| Title |
Funny in Farsi : |
| Remainder of title |
a memoir of growing up Iranian in America / |
| 260 ## - PUBLICATION, DISTRIBUTION, ETC. (IMPRINT) |
| Place of publication |
New York : |
| Name of publisher |
Random House Trade Paperbacks, |
| Year of publication |
2004. |
| 300 ## - PHYSICAL DESCRIPTION |
| Number of Pages |
viii, 227 p. : |
| Other physical details |
ill. ; |
| Dimensions |
21 cm. |
| 500 ## - GENERAL NOTE |
| General note |
"With a new final chapter"--Cover. |
| 500 ## - GENERAL NOTE |
| General note |
This work was originally published in hardcover in slightly different form by Villard Books in 2003. |
| 520 ## - SUMMARY, ETC. |
| Summary, etc |
An autobiography of growing up as an Iranian-American describes the author's family's 1971 move from Iran to Southern California, the members of her diverse family, and their struggle with culture shock. |
| 650 #0 - SUBJECT ADDED ENTRY--TOPICAL TERM |
| Topical Term |
Iranian American women |
| 650 #0 - SUBJECT ADDED ENTRY--TOPICAL TERM |
| Topical Term |
Iranian Americans |
| 650 #0 - SUBJECT ADDED ENTRY--TOPICAL TERM |
| Topical Term |
Immigrants |
| 942 ## - ADDED ENTRY ELEMENTS (KOHA) |
| Koha item type |
ADB |
| 952 ## - LOCATION AND ITEM INFORMATION (KOHA) |
| Withdrawn status [LOCAL, KOHA] |
0 |
| 952 ## - LOCATION AND ITEM INFORMATION (KOHA) |
| Withdrawn status [LOCAL, KOHA] |
0 |